<?xml version="1.0" encoding="UTF-8"?><?xml-stylesheet type="text/xsl" href="static/style.xsl"?><OAI-PMH xmlns="http://www.openarchives.org/OAI/2.0/" xmlns:xsi="http://www.w3.org/2001/XMLSchema-instance" xsi:schemaLocation="http://www.openarchives.org/OAI/2.0/ http://www.openarchives.org/OAI/2.0/OAI-PMH.xsd"><responseDate>2026-04-13T04:33:10Z</responseDate><request verb="GetRecord" identifier="oai:www.recercat.cat:10459.1/465550" metadataPrefix="marc">https://recercat.cat/oai/request</request><GetRecord><record><header><identifier>oai:recercat.cat:10459.1/465550</identifier><datestamp>2025-09-15T18:46:48Z</datestamp><setSpec>com_2072_3622</setSpec><setSpec>col_2072_479130</setSpec></header><metadata><record xmlns="http://www.loc.gov/MARC21/slim" xmlns:dcterms="http://purl.org/dc/terms/" xmlns:xsi="http://www.w3.org/2001/XMLSchema-instance" xmlns:doc="http://www.lyncode.com/xoai" xsi:schemaLocation="http://www.loc.gov/MARC21/slim http://www.loc.gov/standards/marcxml/schema/MARC21slim.xsd">
   <leader>00925njm 22002777a 4500</leader>
   <datafield ind2=" " ind1=" " tag="042">
      <subfield code="a">dc</subfield>
   </datafield>
   <datafield ind2=" " ind1=" " tag="720">
      <subfield code="a">Romero Morales, Yasmina</subfield>
      <subfield code="e">author</subfield>
   </datafield>
   <datafield ind2=" " ind1=" " tag="260">
      <subfield code="c">2018-09-01</subfield>
   </datafield>
   <datafield ind2=" " ind1=" " tag="520">
      <subfield code="a">Este trabajo tiene como objetivo analizar si las parejas mixtas –formadas por marroquíes y españoles– han logrado fraguarse, o no, en la literatura española de ficción y colonial escrita por mujeres durante el siglo xx. Para ello se han seleccionado un conjunto de sesenta y dos textos, novelas y relatos de ficción, que tienen como fondo de sus tramas Marruecos y que fueron publicados durante el siglo pasado. La metodología usada ha sido la propia de la perspectiva de género, los estudios culturales y, finalmente, las teorías postcoloniales.</subfield>
   </datafield>
   <datafield ind2=" " ind1=" " tag="520">
      <subfield code="a">The purpose of this paper is to analyze whether mixed couples –formed by Moroccans and Spaniards– have achieved a success, or not, into Spanish fiction and colonial literature written by women during the 20th century. For that purpose, have been selected a set of sixty-two texts, novels and short stories with Moroccan plots and published during the last century. The methodology used has been that of the Gender Perspective, Cultural Studies and, finally, Postcolonial Theories.</subfield>
   </datafield>
   <datafield tag="653" ind2=" " ind1=" ">
      <subfield code="a">Alteridad</subfield>
   </datafield>
   <datafield tag="653" ind2=" " ind1=" ">
      <subfield code="a">Literatura española</subfield>
   </datafield>
   <datafield tag="653" ind2=" " ind1=" ">
      <subfield code="a">Mujeres escritoras</subfield>
   </datafield>
   <datafield tag="653" ind2=" " ind1=" ">
      <subfield code="a">Parejas mixtas</subfield>
   </datafield>
   <datafield tag="653" ind2=" " ind1=" ">
      <subfield code="a">Literatura colonial</subfield>
   </datafield>
   <datafield ind2="0" ind1="0" tag="245">
      <subfield code="a">Y (no) fueron felices. La fatalidad de las parejas mixtas en la literatura española colonial escrita por mujeres durante el siglo XX</subfield>
   </datafield>
   <datafield ind2="0" ind1="0" tag="245">
      <subfield code="a">And they Were (not) Happy. The Fatality of Mixed Couples in Colonial Spanish Literature Written by Women during the 20th Century</subfield>
   </datafield>
</record></metadata></record></GetRecord></OAI-PMH>